LEADER 00870nam a2200217 i 4500 001 000000175883 003 CaOOAMICUS 005 20260408095841.0 008 081120s2008 it u000 u ita u 020 $a978-88-02-08055-0 040 $aSeMil$bita 245 10$aSupplemento 2009 /$cdiretto da Edoardo Sanguineti. 300 $aXXXIV, 867 p. ;$c31 cm. 700 1 $aSanguineti, Edoardo <1930-2010>.$0(OLS)http://semarc/name/13332 773 0 $aBattaglia, Salvatore <1904-1971>$tGrande dizionario della lingua italiana.$dTorino : UTET, 1961-2009.$w()6614 850 $aSeMil 852 $aSeMil$W1$xVenegono$y1$mSL1.A V 23$j269852$B126705$CSeMilBibl$Z2$F137394 $8I 961 $aSottoscrizione: UTET (Agente) 996 $6020$a978-88-02-08055-0$9(OLS)http://semarc/number/164255 996 $6245$aSupplemento 2009$9(OLS)http://semarc/title/458985